<?xml version="1.0" encoding="UTF-8"?>
<collection xmlns="http://www.loc.gov/MARC21/slim">
<record>
  <controlfield tag="001">60429</controlfield>
  <controlfield tag="005">20221027132638.0</controlfield>
  <datafield tag="024" ind1="8" ind2=" ">
    <subfield code="2">sideral</subfield>
    <subfield code="a">97939</subfield>
  </datafield>
  <datafield tag="037" ind1=" " ind2=" ">
    <subfield code="a">ART-2016-97939</subfield>
  </datafield>
  <datafield tag="041" ind1=" " ind2=" ">
    <subfield code="a">spa</subfield>
  </datafield>
  <datafield tag="100" ind1=" " ind2=" ">
    <subfield code="a">Esteban-Salvador, M.L.</subfield>
    <subfield code="u">Universidad de Zaragoza</subfield>
    <subfield code="0">(orcid)0000-0001-6511-1893</subfield>
  </datafield>
  <datafield tag="245" ind1=" " ind2=" ">
    <subfield code="a">¿Presentan las cooperativas contextos favorables para la igualdad de género?: Especial referencia a la provincial de Teruel</subfield>
  </datafield>
  <datafield tag="260" ind1=" " ind2=" ">
    <subfield code="c">2016</subfield>
  </datafield>
  <datafield tag="506" ind1="0" ind2=" ">
    <subfield code="a">Access copy available to the general public</subfield>
    <subfield code="f">Unrestricted</subfield>
  </datafield>
  <datafield tag="520" ind1="3" ind2=" ">
    <subfield code="a">Las cooperativas presentan características organizativas y de funcionamiento diferenciales que podrían ofrecer contextos favorables para la igualdad de género. En este trabajo se exponen diferentes aspectos relacionados con las condiciones laborales y de flexibilidad en el trabajo de las mujeres en las cooperativas de un territorio con alta despoblación, como es la provincia de Teruel. A su vez se estudia el papel de los distintos agentes de interés involucrados en estas organizaciones y los potenciales beneficios y ventajas para el desarrollo familiar, personal y profesional de las mujeres en este contexto de la economía social. El mayor conocimiento de los factores sociales y organizativos inherentes a estas organizaciones facilitará el desarrollo de políticas y acciones encaminadas a reforzar proyectos empresariales que contribuyan a integrar las necesidades de las mujeres y las de su entorno. Con esta finalidad se ha llevado a cabo un análisis cualitativo mediante del desarrollo de entrevistas en profundidad, dado que estas aportan información más precisa y extensa que otras metodologías de investigación alternativas. Los resultados aportan evidencia sobre las políticas sociales internas y externas aplicadas, y las relaciones institucionales y empresariales de estas cooperativas, caracterizadas por una alta presencia de mujeres en su gestión y funcionamiento. También se observa que la autogestión permite mayor flexibilidad que otras fórmulas empresariales, en aspectos como la conciliación o las condiciones laborales. Así mismo, las mujeres reconocen que su implicación con la entidad debe ser mayor, dado que su futuro laboral depende de la supervivencia de la cooperativa.</subfield>
  </datafield>
  <datafield tag="540" ind1=" " ind2=" ">
    <subfield code="9">info:eu-repo/semantics/openAccess</subfield>
    <subfield code="a">All rights reserved</subfield>
    <subfield code="u">http://www.europeana.eu/rights/rr-f/</subfield>
  </datafield>
  <datafield tag="592" ind1=" " ind2=" ">
    <subfield code="a">0.0</subfield>
    <subfield code="b">2016</subfield>
  </datafield>
  <datafield tag="593" ind1=" " ind2=" ">
    <subfield code="a">Sociology and Political Science</subfield>
    <subfield code="c">2016</subfield>
  </datafield>
  <datafield tag="593" ind1=" " ind2=" ">
    <subfield code="a">Economics and Econometrics</subfield>
    <subfield code="c">2016</subfield>
  </datafield>
  <datafield tag="655" ind1=" " ind2="4">
    <subfield code="a">info:eu-repo/semantics/article</subfield>
    <subfield code="v">info:eu-repo/semantics/publishedVersion</subfield>
  </datafield>
  <datafield tag="700" ind1=" " ind2=" ">
    <subfield code="a">Gargallo-Castel, A.F.</subfield>
    <subfield code="u">Universidad de Zaragoza</subfield>
    <subfield code="0">(orcid)0000-0001-8054-8997</subfield>
  </datafield>
  <datafield tag="700" ind1=" " ind2=" ">
    <subfield code="a">Pérez-Sanz, F.J.</subfield>
    <subfield code="u">Universidad de Zaragoza</subfield>
    <subfield code="0">(orcid)0000-0003-1659-7617</subfield>
  </datafield>
  <datafield tag="710" ind1="2" ind2=" ">
    <subfield code="1">4012</subfield>
    <subfield code="2">650</subfield>
    <subfield code="a">Universidad de Zaragoza</subfield>
    <subfield code="b">Dpto. Direcc.Organiza.Empresas</subfield>
    <subfield code="c">Área Organización de Empresas</subfield>
  </datafield>
  <datafield tag="710" ind1="2" ind2=" ">
    <subfield code="1">4002</subfield>
    <subfield code="2">230</subfield>
    <subfield code="a">Universidad de Zaragoza</subfield>
    <subfield code="b">Dpto. Contabilidad y Finanzas</subfield>
    <subfield code="c">Área Economía Finan. y Contab.</subfield>
  </datafield>
  <datafield tag="773" ind1=" " ind2=" ">
    <subfield code="g">88 (2016), 61-92</subfield>
    <subfield code="p">CIRIEC Esp., Rev. juríd. econ. soc. coop.</subfield>
    <subfield code="t">CIRIEC España. Revista jurídica de economía social y cooperativa</subfield>
    <subfield code="x">1577-4430</subfield>
  </datafield>
  <datafield tag="856" ind1="4" ind2=" ">
    <subfield code="s">1762319</subfield>
    <subfield code="u">http://zaguan.unizar.es/record/60429/files/texto_completo.pdf</subfield>
    <subfield code="y">Versión publicada</subfield>
  </datafield>
  <datafield tag="856" ind1="4" ind2=" ">
    <subfield code="s">43696</subfield>
    <subfield code="u">http://zaguan.unizar.es/record/60429/files/texto_completo.jpg?subformat=icon</subfield>
    <subfield code="x">icon</subfield>
    <subfield code="y">Versión publicada</subfield>
  </datafield>
  <datafield tag="856" ind1="4" ind2="1">
    <subfield code="u">http://www.ciriec-revistaeconomia.es/ver_pdf.php?archivo=CIRIEC_8803_Esteban_et_al.pdf&amp;id_articulo=956</subfield>
    <subfield code="z">Texto completo de la revista</subfield>
  </datafield>
  <datafield tag="909" ind1="C" ind2="O">
    <subfield code="o">oai:zaguan.unizar.es:60429</subfield>
    <subfield code="p">articulos</subfield>
    <subfield code="p">driver</subfield>
  </datafield>
  <datafield tag="951" ind1=" " ind2=" ">
    <subfield code="a">2022-10-27-13:09:34</subfield>
  </datafield>
  <datafield tag="980" ind1=" " ind2=" ">
    <subfield code="a">ARTICLE</subfield>
  </datafield>
</record>
</collection>